banner-ar

مظاهر الحياة الاجتماعية فى تصاوير المخطوطات التركية من القرن ( 9 - 12هـ / 15 - 18م ) : (Record no. 67612)

MARC details
000 -الفاتح
حقل البيانات ثابتة الطول 00930nam a2200217Ia 4500
005 - وقت وتاريخ اخر تعامل مع التسجيلة
رقم الضبط 20250622124034.0
008 - عناصر البيانات ثابتة الطول - معلومات عامة
حقل البيانات ثابتة الطول 250617s9999||||xx |||||||||||||| ||ara||
017 ## - رقم الايداع القانونى
رقم الايداع القانونى 2024/7398
المصدر ( الهيئة المختصة) مصر. دار الكتب
020 ## - الرقم الدولى المعيارى للكتب
الرقم الدولى المعيارى للكتاب 9789778974522
082 04 - رقم تصنيف ديوى العشرى
رقم التصنيف 754
رقم المادة غ م
100 0# - المدخل الرئيسى - إسم شخصى
الإسم الشخصى غادة عبد السلام ناجى فايد
245 10 - بيان العنوان
العنوان مظاهر الحياة الاجتماعية فى تصاوير المخطوطات التركية من القرن ( 9 - 12هـ / 15 - 18م ) :
بقية العنوان دراسة آثارية حضارية /
بيان المسئوليه,etc غادة عبد السلام ناجى فايد
250 ## - بيان الطبعة
بيان الطبعة ط1
260 3# - PUBLICATION, DISTRIBUTION, ETC. (IMPRINT)
تاريخ النشر أو التوزيع 2025.
300 ## - الوصف المادى
التعداد 584ص :
تفاصيل ماديه اخرى للوعاء لوحات ؛
أبعاد الوعاء 24سم.
650 ## - المدخل الاضافى بالموضوع-مصطلح موضوعى
مصطلح موضوعي الرسم الزخرفى
650 ## - المدخل الاضافى بالموضوع-مصطلح موضوعى
مصطلح موضوعي الرسم الفنى
650 ## - المدخل الاضافى بالموضوع-مصطلح موضوعى
مصطلح موضوعي رسم المناظر الطبيعية
942 ## - عناصر المدخل الإضافي( كوها)
Koha [default] item type كتاب
260 3# - PUBLICATION, DISTRIBUTION, ETC. (IMPRINT)
-- الإسكندرية :
-- "دار الوفاء لدنيا الطباعة والنشر،"
Holdings
حالة التراجع حالة الفقد حالة تلف ليس للاعارة المكان المؤقت الموقع الحالى موقع الترفيف تاريخ الاكتساب اجمالي اﻻعارات تاريخ اخر مشاهدة تاريخ تفعيل السعر نوع وعاء كوها
        مكتبة القاهرة الكبرى مكتبة القاهرة الكبرى قاعة الفنون_ك عربى 06/22/2025   06/22/2025 06/22/2025 كتاب

Powered By

EGPV